Kto Był Wtedy Na Boisku 1/8 LM 2017 Barcelona 6-1 PSG - Statystyki

Ogólne statystyki
  • Ten quiz został rozwiązany 1 185 razy
  • Średni wynik to 10 z 15
Statystyki odpowiedzi
Pozycja Odpowiedź % Poprawnych
N Messi
98%
N Suarez
97%
Bramkarz Ter-Stegen
97%
ŚP Neymar
96%
ŚO Pique
94%
ŚPD Busquets
84%
LP Iniesta
83%
Rezerwowy Roberto
80%
Trener Enrique
69%
ŚP Rakitić
66%
ŚO Umtiti
65%
ŚO Mascherano
51%
PP Rafinha
23%
Rezerwowy Turan
20%
Rezerwowy Gomes
17%
Nie znaleziono quizów pasujących do podanych kryteriów
Rozkład punktacji
Procent ludzi z każdym wynikiem
Percentyl według liczby udzielonych odpowiedzi
Twoja historia wyników
Nie rozwiązałeś tego quizu